Statistiques concernant Villes aléatoires sur une carte par lettre - U-Z

Cliquez ici pour prendre le quiz!

Statistiques générales

  • Ce quiz a été pris 319 fois
  • Le résultat moyen est 3 sur 5

Réponses sur la Carte

Les réponses sont colorées sur une échelle allant du rouge au vert en fonction du pourcentage des utilisateurs qui les ont devinées à leur premier essai. Vous pouvez retrouver ces pourcentages ci-dessous.
 

Statistiques - réponses

Ville% Correct
Wellington
95%
Washington
94%
Zagreb
93%
Zurich
86%
Varsovie
85%
Valence
83%
Vienne
83%
Yaoundé
74%
Vancouver
72%
Windhoek
62%
Volgograd
50%
Wuhan
47%
Urumqi
44%
Xi'an
23%
Valparaiso
15%
Virginia Beach
14%
Xiamen
10%
Ulsan
6%

Distribution des résultats

Percentile par nombre de réponses

% des personnes avec chaque résultat

Votre développement - résultats

Vous n’avez pas pris ce quiz